Text book for intermediate second year mathematics paper-II B : (Record no. 91966)

MARC details
000 -LEADER
fixed length control field 00565nam a22001817a 4500
005 - DATE AND TIME OF LATEST TRANSACTION
control field 20150424105600.0
010 ## - LCCN (DPL NO)
LC control number ENG-112254
020 ## - INTERNATIONAL STANDARD BOOK NUMBER
Terms of availability 275.00
International Standard Book Number 9788181801807
020 ## - INTERNATIONAL STANDARD BOOK NUMBER
Terms of availability 275.00
International Standard Book Number 8181801806
035 ## - SYSTEM CONTROL NUMBER
System control number EN-95786
037 ## - SOURCE OF ACQUISITION
Source of stock number/acquisition DBAD/PUB
082 ## - DEWEY DECIMAL CLASSIFICATION NUMBER
Classification number 516
245 ## - TITLE STATEMENT
Title Text book for intermediate second year mathematics paper-II B :
Remainder of title coordidnate geometry, calculus
260 ## - PUBLICATION, DISTRIBUTION, ETC. (IMPRINT)
Place of publication, distribution, etc Hyderabad
Name of publisher, distributor, etc Telugu Akademi
Date of publication, distribution, etc 2014 (repr.)
270 ## - ADDRESS
Address Telugu Akademi
City Hyderabad
Postal code 500029
300 ## - PHYSICAL DESCRIPTION
Extent 363p.
Other physical details 28cm(pbk)
942 ## - ADDED ENTRY ELEMENTS (KOHA)
Source of classification or shelving scheme Dewey Decimal Classification
Item type English Books
Call number suffix TEX
Classification part 516
Holdings
Withdrawn status Lost status Not for loan Collection code Home library Current library Date acquired Source of acquisition Cost, normal purchase price Full call number Barcode Copy number Cost, replacement price Koha item type
    Not For Loan Non-fiction D.B.Act.Division D.B.Act.Division 26/02/2015 DBAD/PUB 275.00 516 TEX EN-95786 1 275.00 English Books

© Delhi Public Library
Hit Counter
free hit counter